Statistics for Name a capital of a valid African country

Click here to take the quiz!

General Stats

  • This quiz has been taken 28 times
    (14 since last reset)
  • The average score is 9 of 15

Answer Stats

capital of Africancapital% Correct
biggest countryAlgiers
92%
country with the highest populationabuja
75%
country that gave independence from Ethiopiaasmara
75%
richest countrycairo
75%
newest countryjuba
75%
country that is totally surrounded by another countrymaseru
75%
country with the longest coastlinemogadishu
67%
country with most national parksnairobi
67%
smallest countryvictoria
67%
country with the lowest population densitywindhoek
67%
country in the gulf of GuineaSao Tome
50%
country with 100% of population identify as muslimnouakchott
42%
country with the lowest corruptiongaborone
33%
poorest countrygitega
33%
country that is the largest producer and exporter of cocoa beansyamoussourko
17%

Score Distribution

Percentile by Number Answered

Percent of People with Each Score

Your Score History

You have not taken this quiz since the last reset